Kuchen, Torten und Gebäck laut "Leitsätze für feine Backwaren II. - Statistiken

Allgemein
  • Dieses Quiz wurde 23 mal gespielt
  • Das Durchschnittsergebnis liegt bei 5 aus 21
Antwortstatistiken
Antwort % Korrekt
Schwarzwälder Kirschtorte
80%
Frankfurter Kranz
55%
Sachertorte
55%
Marmorkuchen
45%
Stollen
40%
Käsekuchen
35%
Butterstreuselkuchen
30%
Baumkuchen, Baumkuchenspitzen, Baumkuchentorte
25%
Butterkuchen
20%
Sandkuchen
20%
Bienenstich
15%
Plunder
15%
Sahnetorte, Sahnekremtorte
15%
Backwaren aus Wiener Masse
10%
Englischer Kuchen
5%
Königskuchen
5%
Königskuchen rheinischer Art
5%
Blätterteiggebäck
0%
Dänischer Plunder
0%
Früchtebrot
0%
Kremtorte
0%
Keine übereinstimmenden Quizze gefunden
Verteilung der Resultate
Anzahl Personen mit jedem Resultat
Perzentil nach korrekt beantworteten Fragen
Ihre Resultats-Entwicklung
Sie haben dieses Quiz noch nicht gespielt